000 00572nam a2200205 i 4500
001 84080
003 ES-MaACL
005 20250403163854.0
007 t|
008 041119s1952 sp ||||1| spa d
100 1 _aJavierre, José María.
_966210
245 1 0 _aPio X /
_cJosé Mª Javierre.
250 _a2ª ed.
260 _aBarcelona :
_bJuan Flors,
_c1952 (
_fCasa Provincial de Caridad)
300 _a327 p., 14 lám. ;
_c23 cm.
600 0 4 _9239958
_aPío
_bX,
_cPapa, Santo
852 _aES-MaACL
_jD-8467
_bR.33015
942 _2udc
999 _c84080
_d84080